00491nam a22001457a 4500020001800000082001500018100002000033245003500053260004900088300000800137650003500145942000700180952014100187999001700328 a9789383305438 a001.42 IMA aImam, Dr. Ekwal aBasics of Research Methodology aNew DelhibNew India Publishing Agencyc2015 a179 aResearch Methodology-Sociology cBK 00104070aHMIbHMIcGENd2018-08-21eKohinoor Book Distributorsg1250.00l2o001.42 IMAp25519r2022-11-29s2022-10-31w2018-08-21yBK c21367d21367